| 000 | 00728nam a2200241 a 4500 | ||
|---|---|---|---|
| 001 | 19769 | ||
| 003 | BD-RjUL | ||
| 005 | 20211209000457.0 | ||
| 008 | 180808s1943 us 000 0 eng d | ||
| 035 | _a(BD-RjUL)19830 | ||
| 040 |
_aBD-RjUL _cBD-RjUL _dBD-RjUL _beng |
||
| 041 | _aeng | ||
| 082 |
_a328.1 _bROR 1943 |
||
| 100 | 1 |
_aRobert, Henry M _9222169 |
|
| 245 |
_aRules of order : _brevised for deliberative assemblies / _cHenry M Robert |
||
| 250 | _arevised ed. | ||
| 260 |
_aChicago : Scott: _bScott, Foresman, _c1943. |
||
| 300 |
_a326 p. ; _c16 cm |
||
| 500 | _a" Some Information taken from World Cat" | ||
| 650 |
_aParliamentary practice. _9222170 |
||
| 651 | 0 |
_aEngland _vFiction. _960737 |
|
| 942 |
_2ddc _cRAR |
||
| 999 |
_c19769 _d19769 |
||